000 00308nam a22001337a 4500
008 170127b xxu||||| |||| 00| 0 eng d
020 _a9781884158124
041 _aeng
080 _a61
100 _a3
101 _aSHM
245 _aI HAVE A FRIEND WITH LEARNING DISABILITIES
_cCARLSON, H
942 _2udc
_cBK
999 _c3879
_d3879